|
|
|
|
| LEADER |
00000nas a2200000 a 4500 |
| 001 |
ssj0000062 |
| 003 |
WaSeSS |
| 005 |
20200512172242.0 |
| 006 |
m d |
| 007 |
cr n |
| 008 |
000730c19539999vauqr pss o 0 a0eng c |
| 010 |
|
|
|a 2006236973
|
| 015 |
|
|
|a GBB405230
|2 bnb
|
| 016 |
7 |
|
|a 2066636-6
|2 DE-600
|
| 016 |
7 |
|
|a 016583004
|2 Uk
|
| 022 |
|
|
|a 1945-0095
|l 0022-4294
|y 0022-4294
|
| 030 |
|
|
|z JRMEAX
|
| 035 |
|
|
|a (WaSeSS)ssj0000062
|
| 037 |
|
|
|b Sage Publications, 2455 Teller Rd., Thousand Oaks, CA 91320
|c $130.00
|
| 040 |
|
|
|a HNK
|b eng
|c HNK
|d OCLCQ
|d EYM
|d HUL
|d OCLCQ
|d NSD
|d OCLCQ
|d MUX
|d OCLCE
|d OCL
|d OCLCQ
|d OCLCO
|d OCLCF
|d OCL
|d OCLCO
|d VT2
|d OCLCQ
|d DEBBG
|d OCLCQ
|d ZAC
|d NLE
|d GILDS
|d OCLCO
|d U3W
|d BRL
|d UKMGB
|d CGU
|d NJT
|d WaSeSS
|
| 042 |
|
|
|a pcc
|a nsdp
|a dlr
|
| 043 |
|
|
|a n-us---
|
| 050 |
1 |
4 |
|a ML1
|
| 082 |
1 |
0 |
|a 780
|2 14
|
| 130 |
0 |
|
|a Journal of research in music education (Online)
|
| 210 |
0 |
|
|a J. res. music educ.
|b (Online)
|
| 222 |
|
0 |
|a Journal of research in music education
|b (Online)
|
| 245 |
1 |
0 |
|a Journal of research in music education
|h [electronic resource].
|
| 260 |
|
|
|a Reston, Va. :
|b Music Educators National Conference,
|c 1953-
|
| 310 |
|
|
|a Quarterly,
|b 1964-
|
| 321 |
|
|
|a Semiannual,
|b 1953-1963
|
| 362 |
1 |
|
|a Print began with vol. 1, no. 1 (spring 1953).
|
| 500 |
|
|
|a Title from cover (JSTOR, viewed May 10, 2006).
|
| 500 |
|
|
|a Published by: MENC: The National Association for Music Education, fall 1998-
|
| 506 |
|
|
|a License restrictions may limit access.
|
| 538 |
|
|
|a Master and use copy. Digital master created according to Benchmark for Faithful Digital Reproductions of Monographs and Serials, Version 1. Digital Library Federation, December 2002.
|u http://purl.oclc.org/DLF/benchrepro0212
|5 MiAaHDL
|
| 583 |
1 |
|
|a digitized
|c 2010
|h HathiTrust Digital Library
|l committed to preserve
|5 MiAaHDL
|2 pda
|
| 588 |
|
|
|a Latest issue consulted: Vol. 53, no. 2 (summer 2005) (JSTOR, viewed May 10, 2006).
|
| 650 |
|
0 |
|a Music
|v Periodicals.
|
| 650 |
|
0 |
|a Music
|x Instruction and study
|z United States
|v Periodicals.
|
| 650 |
|
7 |
|a Music
|2 fast
|0 (OCoLC)fst01030269
|
| 650 |
|
7 |
|a Music
|x Instruction and study.
|2 fast
|0 (OCoLC)fst01030347
|
| 651 |
|
7 |
|a United States.
|2 fast
|0 (OCoLC)fst01204155
|
| 653 |
0 |
|
|a Education
|a Music
|
| 655 |
|
0 |
|a Electronic journals.
|
| 710 |
2 |
|
|a Music Educators National Conference (U.S.)
|
| 776 |
0 |
8 |
|i Print version:
|t Journal of research in music education
|x 0022-4294
|w (DLC) 54043754
|w (OCoLC)1782663
|
| 856 |
4 |
0 |
|z Full text available from Research Library: 04/01/1999 to 07/31/2010
|u https://search.proquest.com/publication/42361
|